Normal view
MARC view
- Physiology - Ph. D Thesis.
Entry Topical Term
001 - CONTROL NUMBER
- control field: 19485
003 - CONTROL NUMBER IDENTIFIER
- control field: NUST
005 - DATE AND TIME OF LATEST TRANSACTION
- control field: 20190824163107.0
008 - FIXED-LENGTH DATA ELEMENTS
- fixed length control field: 190824|| aca||aabn | a|a d
040 ## - CATALOGING SOURCE
- Original cataloging agency: NUST
- Transcribing agency: NUST
150 ## - HEADING--TOPICAL TERM
- Topical term or geographic name entry element: Physiology - Ph. D Thesis.
670 ## - SOURCE DATA FOUND
- Source citation: Work cat.: (NUST): Lodhi, Ghulam Mustafa 19484, Effects of Stress on Testicular Steroidogenesis and Role of Antioxidant Supplementation /, 2012.
